[Event "89th GER-ch"]
[Site "Dresden"]
[Date "2018.08.11"]
[Round "9"]
[White "Fischer, Sebastian"]
[Black "Svane, Frederik"]
[Result "1/2-1/2"]
[WhiteElo "2292"]
[BlackElo "2292"]
[Annotator "TA"]
[PlyCount "127"]
[EventDate "2018.08.03"]
[EventType "swiss"]
[EventCountry "GER"]
[SourceTitle "playchess.com"]
[Source "ChessBase"]
[SourceQuality "1"]

{[%evp 19,127,-19,-15,-26,0,-6,0,0,0,-26,0,0,0,0,93,8,0,-15,34,42,38,54,43,48,42,35,54,20,21,12,20,12,20,20,16,0,0,0,0,0,13,8,13,-32,-49,-47,-47,-112,-115,-121,-119,-116,29,-222,-141,-141,-106,-195,-108,-95,-125,-91,-18,-21,-21,-21,-21,-21,0,0,0,0,0,0,0,0,0,0,0,0,0,-8,-8,-8,-8,-8,-8,-8,-8,-8,-8,-8,-8,-8,-8,-8,-8,-8,0,0,0,-8,-8,-8,-8,-8,-8,-8,-8,-8]} 1. d4 {Hazai,L} Nf6 2. Nf3 g6 3. Bg5 Bg7 4. c3 O-O 5. Nbd2 d6 6. e4 c5 7. dxc5 dxc5 8. Bc4 Nc6 9. Qe2 {A48: Königsindisch (ohne c2-c4)} Qc7 10. e5 (10. O-O h6 11. Bxf6 Bxf6 12. Qe3 Bg7 13. Qxc5 b6 14. Qe3 Bb7 15. Rfd1 e6 16. Be2 Rfd8 17. Nf1 a6 18. h4 b5 19. N1h2 Rxd1+ 20. Rxd1 {1-0 (35) Harikrishna,P (2744)-Duda,J (2717) Riadh 2017}) 10... Nh5 {[%cal Rc6e5] LiveBook: 3 Partien} 11. O-O-O h6 12. Be3 Nxe5 13. Nxe5 Qxe5 14. g4 (14. Qf3 $5 {[%cal Rg2g4]} Rb8 15. Rhe1 $11) 14... Nf6 {[%cal Bh5f6,Bf6d5,Bd5e3][%mdl 32]} (14... Nf4 $5 {[%cal Rf4e2]} 15. Qf3 Ne6 $11) 15. f4 {[%cal Bf2f4,Bf4f5,Bf5g6][%mdl 32]} Qc7 $1 16. f5 {[#]} Kh8 $146 (16... gxf5 $11 {bleibt in der Remisbreite.} 17. g5 hxg5 18. Bxg5 Ng4) ({Vorgänger:} 16... b5 17. Bxb5 {½-½ (26) Tzermiadianos,A (2418)-Kotronias,V (2602) Athens 2003 CBM 097 [Hazai,L]}) 17. Bd3 (17. Rhf1 $16) 17... Nd5 $1 $11 18. fxg6 Bxg4 19. Qxg4 Nxe3 {[#]} 20. Qe4 $1 {[%mdl 512] Weiss will mit gxf7 Matt setzen.} Qe5 {Und ...Dxe4 würde nun gewinnen.} 21. Rde1 Qxe4 22. Bxe4 Ng4 23. Bxb7 Rab8 24. Be4 f5 25. Bc2 Ne5 26. Rhf1 e6 27. Re2 c4 28. Nf3 Nxf3 29. Rxf3 Rf6 30. Rf4 Rxg6 31. Rxc4 Rg1+ 32. Kd2 $1 Rxb2 33. Ra4 (33. Ke3 $15 Rb6 34. Kf2) 33... e5 $17 {[%cal Be6e5,Be5e4][%mdl 32]} 34. Rxa7 e4 35. Ke3 Rf1 (35... h5 $17 36. Rf2 h4) 36. Rd2 $2 {[%mdl 8192]} (36. Ra8+ $11 {und Weiss muss sich keine Sorgen machen.} Kh7 37. Bxe4 Rxe2+ 38. Kxe2) 36... Rf3+ 37. Ke2 Rxc3 38. Bb3 {[#]} (38. Kd1 $17 {ist wohl besser.}) 38... Rxd2+ ({Lieber} 38... Rh3 $1 $19 {[%cal Rh3h2]} 39. Rxb2 Bxb2) 39. Kxd2 $19 {[%mdl 4096] Endspiel KTL-KTL} Rd3+ 40. Ke2 f4 (40... Bd4 $17 41. Rf7 Re3+ 42. Kd1 Rf3) 41. Ra8+ {Die Stellung ist ausgeglichen.} Kh7 {Und weiter mit ...f3+ wäre nett.} 42. Ra4 $1 f3+ 43. Kf1 Rd2 44. Rxe4 Bd4 45. Rf4 f2 46. Rf3 Kg7 47. h4 h5 48. Rf7+ Kg6 {...Tb2 ist eine echte Drohung.} 49. Rf3 Bb6 50. Rd3 Rxd3 51. Bc2 Kf5 52. Bxd3+ $11 {KL-KL} Kg4 53. a4 {[%cal Ba2a4,Ba4a5][%mdl 32]} Kxh4 54. a5 Bd4 55. Kg2 $1 Kg5 56. a6 Kf4 57. Be2 h4 58. Bf1 $1 Kg4 59. Be2+ Kf4 60. Bf1 Ke3 61. Kh3 Kd2 62. Kxh4 Ke1 63. Bb5 f1=Q 64. Bxf1 {Precision: Weiß = 57%, Schwarz = 65%.} 1/2-1/2

[Event "89th GER-ch"]
[Site "Dresden"]
[Date "2018.08.11"]
[Round "9"]
[White "Brustkern, Juergen"]
[Black "Plassmann, Dominik"]
[Result "1-0"]
[WhiteElo "2219"]
[BlackElo "2186"]
[Annotator "TA"]
[PlyCount "93"]
[EventDate "2018.08.03"]
[EventType "swiss"]
[EventCountry "GER"]
[SourceTitle "playchess.com"]
[Source "ChessBase"]
[SourceQuality "1"]

{[%evp 11,93,0,0,0,-5,-8,-6,-19,0,-20,-7,-9,16,16,20,22,39,30,69,56,59,15,12,10,20,15,41,45,213,48,90,97,111,97,83,84,48,72,250,116,116,108,103,102,165,169,170,83,83,47,85,41,100,45,75,27,54,0,54,27,108,112,108,90,338,330,345,331,477,470,479,452,6970,5153,2997,2704,29988,29989,29989,29990,29994,29981,29998,29999]} 1. e4 c5 2. d3 Nc6 3. f4 d6 4. Nf3 Nf6 5. Be2 e6 (5... g6 6. O-O Bg7 7. c3 O-O 8. Qe1 c4 9. Na3 cxd3 10. Bxd3 Nd7 11. Be3 b6 12. Rd1 a6 13. Bc4 b5 14. Bd5 Bb7 15. f5 Nf6 {½-½ (36) Bernadskiy,V (2526)-Zubarev,A (2556) Lutsk 2016}) 6. O-O {B21: Sicilian: 2 f4 and Morra Gambit} Be7 {LiveBook: 6 Games} 7. Qe1 O-O 8. Kh1 {The position is equal.} Rb8 9. a4 $146 ({Predecessor:} 9. Nc3 Nd4 10. Bd1 b5 11. Nxd4 cxd4 12. Ne2 {½-½ (37) Rendle,T (2378)-Lee,R (2147) England 2015}) 9... a6 10. Nc3 Nb4 11. Bd1 d5 12. e5 Ne8 13. d4 Nc6 14. Ne2 b5 15. axb5 axb5 16. Be3 c4 17. c3 b4 18. Bc2 Qb6 19. g4 Bd7 $2 (19... f5 $14) 20. Qg3 $2 (20. f5 $1 $18) 20... bxc3 21. bxc3 Qb2 22. Rfc1 f5 23. exf6 Nxf6 24. Qh3 {g5 is the strong threat.} Ne4 $2 (24... Qb7 $16) 25. Ng3 (25. Nd2 $1 $18 {is the precise move to win.}) 25... Nxg3+ $16 26. hxg3 g6 27. Bd2 Ra8 (27... Bf6 $16) 28. Rab1 $18 Qa2 29. Qh6 (29. Rb7 $18 {and White stays clearly on top.} Ra7 30. Rbb1) 29... Rf7 $16 30. Qh2 $40 {[%mdl 128] White attacks.} Qa7 31. g5 Qc7 (31... Bf8 $14) 32. Qe2 (32. Kg2 $16 Ra2 33. Ra1) 32... Ra2 33. Nh2 Bf8 34. Ng4 {[#]} (34. Ra1 $14 Rb2 35. Ng4) 34... Bg7 (34... e5 $1 $11 {[%mdl 512]} 35. Nxe5 (35. dxe5 Bxg4) 35... Nxe5 36. fxe5 Qc8) 35. Ne3 Bxd4 (35... Rf8 $11 {remains equal.}) 36. cxd4 Nxd4 37. Qd1 {Strongly threatening Ng4.} Bc6 $2 {[#]} (37... Nxc2 $16 38. Nxc2 c3) 38. Ng4 $1 $18 {[%cal Rg4h6]} Nxc2 39. Nh6+ Kf8 (39... Kg7 {was called for.}) 40. Rxc2 d4+ 41. Kg1 Ba4 (41... Rxc2 $142 42. Qxc2 c3 43. Bxc3 dxc3) 42. Bb4+ Ke8 43. Qe1 Rxc2 44. Qxe6+ {White mates.} Re7 45. Bxe7 Rg2+ 46. Kh1 Bc6 47. Bf6+ {Precision: White = 46%, Black = 29%.} 1-0

[Event "89th GER-ch"]
[Site "Dresden"]
[Date "2018.08.11"]
[Round "9"]
[White "Heimrath, Reiner"]
[Black "Kvetny, Mark"]
[Result "0-1"]
[WhiteElo "2200"]
[BlackElo "2421"]
[Annotator "TA"]
[PlyCount "68"]
[EventDate "2018.08.03"]
[EventType "swiss"]
[EventCountry "GER"]
[SourceTitle "playchess.com"]
[Source "ChessBase"]
[SourceQuality "1"]

{[%evp 17,68,-17,-8,-19,-18,-35,-40,-40,-24,-39,-37,-55,-50,-64,-64,-94,-78,-158,-129,-166,-154,-286,-278,-290,-279,-505,-304,-530,-524,-550,-515,-511,-504,-485,-458,-500,-510,-508,-504,-502,-460,-629,-533,-647,-607,-773,-762,-1264,-1221,-1435,-751,-29993,-29994]} 1. Nf3 c5 2. g3 Nc6 3. Bg2 g6 4. c4 Bg7 5. Nc3 d6 6. O-O Bf5 7. d3 {A37: Symmetrical English vs ...g6: 4 Bg2 Bg7 5 Nf3} (7. h3 Qd7 8. Kh2 Nf6 9. d3 h6 10. e4 Be6 11. Be3 g5 12. Ng1 g4 13. h4 O-O 14. Nge2 Qd8 {0-1 (55) Caruana,F (2822)-So,W (2778) Stavanger 2018}) 7... Qd7 8. Nd5 Nf6 9. e4 Bg4 {LiveBook: 3 Games} 10. h3 Bxf3 $146 ({Predecessor:} 10... Bxh3 11. Bxh3 Qxh3 12. Nc7+ Kf8 13. Ng5 Qc8 14. Nxa8 Qxa8 {½-½ (23) Markoja,B (2189)-Galyas,M (2431) Bad Gleichenberg 2014}) 11. Nxf6+ Bxf6 12. Qxf3 O-O 13. Rb1 Bg7 14. a3 {[#]} b5 $1 {[%mdl 512]} 15. Qd1 (15. cxb5 Ne5) 15... Rab8 {[%cal Ba8b8,Bb8b6,Bb6b2,Bb2b3,Bb3f3][%mdl 32]} 16. f4 Rb6 17. f5 (17. b4 $142) 17... bxc4 $17 18. dxc4 {[#]} Rfb8 $1 {[%cal Rg7b2]} 19. h4 (19. b4 $17) 19... Bxb2 $19 20. Rxb2 Rxb2 21. Bh3 $2 (21. Bxb2 {was called for.} Rxb2 22. h5) 21... Ne5 22. h5 $2 (22. Bxb2 {only move.} Rxb2 23. h5) 22... R2b3 23. Kh2 Qc6 24. fxg6 hxg6 25. hxg6 fxg6 26. Qd2 {Threatening mate with Be6+.} Nf3+ 27. Rxf3 Rxf3 28. Be6+ Kf8 29. Qh6+ Ke8 30. Qxg6+ Kd8 {...Rf6 is the strong threat.} 31. Bd5 Qe8 32. Qg5 Rbb3 33. Bf4 Rb2+ 34. Kg1 Qh8 {Precision: White =  3%, Black = 82%.} 0-1

[Event "89th GER-ch"]
[Site "Dresden"]
[Date "2018.08.11"]
[Round "9"]
[White "Heinert, Eugen"]
[Black "Faerber, David"]
[Result "1/2-1/2"]
[WhiteElo "2146"]
[BlackElo "2321"]
[Annotator "TA"]
[PlyCount "87"]
[EventDate "2018.08.03"]
[EventType "swiss"]
[EventCountry "GER"]
[SourceTitle "playchess.com"]
[Source "ChessBase"]
[SourceQuality "1"]

{[%evp 18,87,-17,-19,18,22,23,26,54,0,0,0,0,0,14,0,0,0,0,-39,0,0,0,0,0,-44,-26,-23,-26,-14,-23,-45,-39,-27,-33,-89,-95,-212,-75,-81,-86,-77,0,0,0,-16,-4,0,-2,-36,13,20,22,25,58,-10,-5,-6,-18,-13,0,0,0,0,128,6,6,6,10,-8,0,0]} 1. d4 Nf6 2. Nf3 d5 3. c4 c6 4. Qc2 dxc4 5. e4 (5. Qxc4 Bf5 6. g3 e6 7. Bg2 Be7 8. O-O O-O 9. e3 Nbd7 10. Qe2 Qa5 11. Nc3 Ne4 12. Bd2 Nxd2 13. Nxd2 Rfd8 14. Rfd1 Rac8 15. e4 Bg6 {½-½ (25) Bu,X (2725)-Shankland,S (2671) Liaocheng 2018}) 5... b5 6. b3 {D11: Slav Defence: 3 Nf3 sidelines and 3...Nf6 4 e3 Bg4} cxb3 7. axb3 e6 8. Bd2 a5 9. Bd3 Be7 10. O-O {LiveBook: 17 Games} h6 11. Nc3 b4 12. Na4 O-O 13. Rac1 $146 (13. Bf4 $14) 13... Ba6 $11 14. Bxa6 Rxa6 15. Qd3 Qc8 16. Rc2 Qb7 17. Rfc1 Nbd7 18. h3 Rd8 19. Bf4 Rc8 20. Nd2 Raa8 21. Bg3 Nb6 22. Nc5 Bxc5 23. dxc5 Nbd7 24. Bd6 Rd8 25. Ra2 Ne8 26. e5 {[#]} (26. Qe3 $15) 26... Nxe5 $1 $17 {[%mdl 512]} 27. Qg3 (27. Qe3 $17 Ng6 28. Nc4) (27. Bxe5 Rxd3) 27... Ng6 (27... Nxd6 $19 {and Black stays clearly on top.} 28. cxd6 Qb5) 28. Nc4 Nxd6 29. cxd6 {[#]} Qb5 (29... a4 $1 $17 {Threatens to win with ...axb3.} 30. Rxa4 Rxa4 31. bxa4 c5) 30. Rca1 $11 c5 31. Rxa5 Rxa5 32. Rxa5 Qc6 33. Qe3 Rc8 34. g3 Nf8 35. Ra7 Qd5 36. Kh2 ({White should play} 36. Qf4 $1 $14 Qd1+ 37. Kg2) 36... Rd8 37. Rc7 Nd7 38. Qf4 {Strongly threatening Nb6!} Nf6 39. Ne5 Qxd6 40. Rxf7 Rf8 {[#]} (40... Nh5 $11 41. Qe3 Nf6) 41. Ng6 (41. Nd7 $1 $16 Qxd7 42. Rxd7 Nxd7 43. Qd2) 41... e5 $1 {[%cal Re5f4] The position is equal.} 42. Rxf8+ Qxf8 43. Qxe5 Ng4+ 44. hxg4 {Precision: White = 39%, Black = 59%.} 1/2-1/2

[Event "89th GER-ch"]
[Site "Dresden"]
[Date "2018.08.11"]
[Round "9"]
[White "Adiyaman, Rene"]
[Black "Rehberg, Raphael"]
[Result "0-1"]
[WhiteElo "2097"]
[BlackElo "2234"]
[Annotator "TA"]
[PlyCount "112"]
[EventDate "2018.08.03"]
[EventType "swiss"]
[EventCountry "GER"]
[SourceTitle "playchess.com"]
[Source "ChessBase"]
[SourceQuality "1"]

{[%evp 15,112,45,46,43,91,81,113,97,92,48,109,41,52,35,46,11,15,8,5,-13,-8,-25,-17,-17,64,0,0,-37,-31,-65,-65,-80,-75,-100,-104,-121,-93,-123,-98,-143,-137,-146,-145,-145,-147,-152,-140,-138,-125,-197,-191,-179,-193,-189,-182,-181,-140,-445,-418,-773,-766,-767,-644,-803,-702,-29963,-5630,-29970,-29969,-29975,-29977,-29978,-29979,-29973,-29975,-29976,-29977,-29977,-29977,-29978,-29979,-29977,-29978,-29986,-29977,-29977,337,-29979,196,-29980,-29982,-29983,-29983,-29983,-29983,-29983,-29984,-29984,-29985]} 1. e4 c5 2. c3 Nf6 3. e5 Nd5 4. d4 cxd4 5. Nf3 e6 6. cxd4 b6 7. Bc4 Bb7 8. O-O Qc7 {LiveBook: 6 Games. B22: Sicilian: 2 c3} 9. Qe2 h6 $146 ({Predecessor:} 9... d6 10. Bd2 Be7 11. Rc1 Qd7 12. Nc3 Nxc3 13. Rxc3 O-O 14. Rac1 Rc8 15. Bb5 Rxc3 16. Rxc3 {½-½ (50) Petrov,M (2526)-Naiditsch,A (2691) Peristeri 2010}) 10. Bd2 Bc6 {White is better.} 11. Rc1 Qb7 12. Bb5 Be7 ({Black should try} 12... Bxb5 $14 13. Qxb5 Na6) 13. Bxc6 (13. Bd3 $1 $16) 13... Nxc6 14. Nc3 Nxc3 15. Rxc3 Nb4 16. Ne1 Nd5 17. Qe4 Bb4 18. Rc2 Bxd2 19. Rxd2 O-O-O (19... Rc8 $11) 20. Rc1+ (20. a4 $14) 20... Kb8 $11 21. Rdc2 Rc8 22. Nd3 Rxc2 23. Rxc2 Rc8 24. Rxc8+ Qxc8 25. a3 Ne7 26. g3 Qc6 27. Qf4 Nf5 28. Nb4 Qc4 {And now ...a5 would win.} 29. d5 Qxf4 30. gxf4 $17 {[%mdl 4096] Endgame KN-KN} a5 31. dxe6 dxe6 ({Don't do} 31... fxe6 32. Nc2 $15) 32. Nc2 (32. Na2 $17) 32... Kc7 33. Kf1 Kc6 34. Ke2 Kd5 $1 35. Kd3 g5 $1 36. Ne3+ $2 {[%mdl 8192]} (36. a4 $17) 36... Nxe3 $19 37. fxe3 (37. Kxe3 $142 gxf4+ 38. Kxf4) 37... gxf4 38. exf4 {KP-KP} a4 $1 39. h3 h5 40. h4 b5 41. Ke3 Kc4 42. f5 {[#]} Kb3 $1 {[%cal Rb3b2]} 43. Kf4 Kxb2 44. Kg5 b4 45. axb4 a3 46. Kf6 a2 47. Kxf7 a1=Q 48. f6 Kc3 49. Kxe6 Kd4 50. f7 Qa4 $4 {[%mdl 8192]} (50... Qa6+ 51. Ke7 Qb7+ 52. Kf6 Qxb4 53. e6 Kd5 54. Kg7 Kxe6 55. f8=Q Qxf8+ 56. Kxf8 Kf5 57. Kg7 Kg4 58. Kf6 Kxh4 59. Ke5 Kg3 60. Kf6 h4 61. Kf7 h3 62. Ke6 h2 63. Kd5 h1=Q+ 64. Kc5 Qb7 65. Kc4 Qc6+ 66. Kb3 Kf3 67. Kb2 Qa4 68. Kb1 Ke3 69. Kb2 Kd3 70. Kb1 Kc3 71. Kc1 Qc2#) 51. Kf6 $4 {[%mdl 8192]} (51. f8=Q $18) 51... Qb5 $4 {[%mdl 8192]} (51... Qxb4 {mates} 52. e6 Kd5 53. Kg7 Kxe6 54. f8=R Qe7+ 55. Kg8 {[#]} Qxf8+ $1 {[%mdl 512]} 56. Kxf8 Kf5 57. Ke7 Kg4 58. Kf6 Kxh4 59. Ke7 Kg4 60. Kf8 h4 61. Ke7 h3 62. Kd6 h2 63. Ke5 h1=Q 64. Kd6 Qh5 65. Kc6 Qa5 66. Kd7 Kf5 67. Kd6 Kf6 68. Kc6 Ke6 69. Kb7 Kd6 70. Kb8 Kc6 71. Kc8 Qc7#) 52. Kg6 $4 {[%mdl 8192]} (52. f8=Q $18 Qxe5+ 53. Kg6) 52... Qxb4 {Black mates.} 53. e6 Ke5 54. Kg7 Kxe6 55. f8=Q Qxf8+ 56. Kxf8 Kf5 {Precision: White = 31%, Black = 70%.} 0-1

[Event "89th GER-ch"]
[Site "Dresden"]
[Date "2018.08.11"]
[Round "9.1"]
[White "Reuker, Jari"]
[Black "Buhmann, Rainer"]
[Result "0-1"]
[WhiteElo "2404"]
[BlackElo "2581"]
[Annotator "TA"]
[PlyCount "96"]
[EventDate "2018.08.03"]
[EventType "swiss"]
[EventCountry "GER"]
[SourceTitle "playchess.com"]
[Source "ChessBase"]
[SourceQuality "1"]

{[%evp 18,95,37,25,23,22,24,25,53,54,52,66,63,58,85,105,97,95,89,105,96,82,81,75,73,-12,0,-266,-213,-257,-167,-171,-176,-239,-236,-431,-437,-430,-439,-426,-436,-433,-422,-598,-605,-595,-583,-775,-770,-746,-690,-1377,-1371,-2453,-2312,-29979,-5606,-5397,-4910,-2616,0,-2239,-2237,-1329,-1806,-1928,-1744,-29985,-29986,-29990,-29991,-29991,-29992,-29993,-29990,-29990,-29991,-29998,-29999,-29999]} 1. e4 e5 2. Nf3 Nc6 3. Bb5 a6 4. Ba4 Nf6 5. O-O Be7 6. Re1 b5 7. Bb3 d6 8. c3 {[%cal Bc2c3,Bc3d4,Bd4d5][%mdl 32]} Na5 9. Bc2 c5 10. d4 {LiveBook: 138 Partien} exd4 {C90: Spanische Partie (Abweichungen von der Hauptvariante)} (10... Qc7 11. d5 O-O 12. b3 Bd7 13. h3 c4 14. b4 Nb7 15. a4 Rfb8 16. Be3 Nd8 17. Qe2 Ne8 18. Nbd2 f6 19. Ra3 {0-1 (59) Volokitin,A (2632)-Postny,E (2575) Berlin 2018}) 11. cxd4 Bg4 12. Nbd2 Nc6 $146 {Weiß hat minimalen Vorteil.} ({Vorgänger:} 12... O-O 13. h3 Bh5 14. g4 Bg6 15. d5 Nd7 16. Nf1 h6 17. N3h2 Bf6 18. Ng3 {½-½ (18) Escobar Forero,A (2476)-Nestorovic,N (2498) Washington DC 2018}) 13. h3 Bh5 14. g4 Bg6 15. d5 Nb4 16. Bb1 $1 {Droht a3 und aus.} c4 17. Nd4 Qb6 18. N2f3 O-O 19. Be3 {Sc6 ist eine echte Drohung.} Qb7 20. Nd2 Rfe8 21. f4 ({Günstiger ist} 21. g5 $16) 21... Nfxd5 $1 $11 22. f5 $2 {[%mdl 8192]} (22. exd5 $11 {und Weiss steht sicher.} Bf6 23. N2f3 Bxb1 24. Rxb1) 22... Nxe3 $19 23. Rxe3 Qb6 24. N2f3 {[#]} Nc6 $1 {Und weiter mit ...Lf6 wäre nett.} 25. Qd2 (25. Kf2 {kämpft weiter.} Nxd4 26. Qxd4 Qxd4 27. Nxd4) 25... Nxd4 26. Nxd4 $2 (26. Qxd4 {war die einzige Chance.} Qxd4 27. Nxd4) 26... Bf6 27. Nf3 {[#]} Bxb2 $1 {[%mdl 512]} 28. Qxb2 {zielt auf Dd4 ab.} Qxe3+ 29. Kg2 {[#]} d5 $1 30. exd5 (30. e5 $142) 30... Rad8 (30... Qe2+ $2 31. Qxe2 Rxe2+ 32. Kf1 $19) 31. fxg6 hxg6 32. Qf2 Qc3 33. Ng5 Rd7 ({Nicht} 33... Qxa1 34. Qxf7+ Kh8 35. Qxg6 $11) 34. Be4 Qxa1 35. Qh4 Qb2+ 36. Kg3 Qc3+ (36... Qe5+ $142 37. Kf3 Rxd5 38. Qh8+ Kxh8 39. Nxf7+ Kh7 40. Nxe5 Rdxe5 41. Bb1 Rf8+ 42. Kg3 Rf1 43. Bc2 Re2 44. Be4 Rxe4 45. a4 c3 46. h4 Re3+ 47. Kg2 {[#]} c2 $1 {[%mdl 512]} 48. h5 c1=Q 49. hxg6+ Kxg6 50. axb5 Qd2+ 51. Kxf1 Re1#) 37. Kg2 Qd2+ 38. Kf3 Qc3+ 39. Kg2 Rxe4 40. Qh7+ Kf8 {( -> ...Te2+)} 41. Nxe4 {[%mdl 4096] Endspiel KDT-KDS} Qc2+ 42. Kf3 Qd3+ {Schwarz setzt Matt.} 43. Kf4 Rxd5 44. Qh8+ Ke7 45. Qxg7 g5+ 46. Nxg5 Rd4+ 47. Ke5 Qe3+ 48. Kf5 Rf4# {Precision: Weiß = 35%, Schwarz = 91%.} (48... Qf4# $142) 0-1

[Event "89th GER-ch"]
[Site "Dresden"]
[Date "2018.08.11"]
[Round "9.2"]
[White "Poetsch, Hagen"]
[Black "Gungl, Theo"]
[Result "0-1"]
[WhiteElo "2513"]
[BlackElo "2283"]
[Annotator "ChessBase"]
[PlyCount "80"]
[EventDate "2018.08.03"]
[EventType "swiss"]
[EventCountry "GER"]
[SourceTitle "playchess.com"]
[Source "ChessBase"]
[SourceQuality "1"]
[TimeControl "40/5400+30:1800+30"]

1. e4 c5 {[%emt 1:30:26]} 2. Nf3 {[%emt 1:30:52]} d6 {[%emt 1:30:54]} 3. d4 {[%emt 1:31:16]} cxd4 {[%emt 1:31:22]} 4. Nxd4 {[%emt 1:31:40]} Nf6 {[%emt 1:31:46]} 5. Nc3 {[%emt 1:32:07]} a6 {[%emt 1:32:10]} 6. Nb3 {[%emt 1:32:19]} e6 {[%emt 1:30:32]} 7. g4 {[%emt 1:32:43]} b5 {[%emt 1:26:42]} 8. Bg2 {[%emt 1:32:52]} Bb7 {[%emt 1:27:08]} 9. g5 {[%emt 1:33:06]} Nfd7 {[%emt 1:27:05]} 10. a3 {[%emt 1:32:51]} Nc6 {[%emt 1:22:28]} 11. O-O {[%emt 1:31:47]} Be7 {[%emt 1:13:43]} 12. f4 {[%emt 1:32:00]} O-O {[%emt 1:09:01]} 13. Be3 {[%emt 1:22:39]} Nb6 {[%emt 1:08:02]} 14. Nd2 {[%emt 1:20:17]} Na5 {[%emt 1:05:19]} 15. Qe2 {[%emt 1:07:43]} Nac4 {[%emt 1:02:30]} 16. Nxc4 {[%emt 1:08:07]} Nxc4 {[%emt 1:02:54]} 17. Bc1 {[%emt 1:06:04]} Rc8 {[%emt 0:51:40]} 18. Kh1 {[%emt 1:00:19]} e5 {[%emt 0:41:19]} 19. h4 {[%emt 0:48:03]} exf4 {[%emt 0:31:06]} 20. Bxf4 {[%emt 0:46:58]} Nxb2 {[%emt 0:23:34]} 21. Nd5 {[%emt 0:44:24]} Nc4 {[%emt 0:23:31]} 22. a4 {[%emt 0:41:03]} Bc6 {[%emt 0:18:18]} 23. Qg4 {[%emt 0:30:25]} Bd7 {[%emt 0:14:50]} 24. Qg3 {[%emt 0:28:54]} bxa4 {[%emt 0:06:52]} 25. h5 {[%emt 0:25:21]} Bc6 {[%emt 0:06:14]} 26. Bh3 {[%emt 0:08:25]} Bxd5 {[%emt 0:06:15]} 27. exd5 {[%emt 0:08:50]} Rc5 {[%emt 0:06:38]} 28. Rxa4 {[%emt 0:08:50]} Nb6 {[%emt 0:05:51]} 29. Rxa6 {[%emt 0:09:08]} Nxd5 {[%emt 0:06:17]} 30. Bd2 {[%emt 0:05:47]} Nc7 {[%emt 0:05:52]} 31. Ra4 {[%emt 0:02:20]} Bxg5 {[%emt 0:05:44]} 32. Rg1 {[%emt 0:02:13]} h6 {[%emt 0:05:44]} 33. Rd4 {[%emt 0:02:01]} Ne6 {[%emt 0:03:52]} 34. Rxd6 {[%emt 0:01:27]} Qa8+ {[%emt 0:03:52]} 35. Bg2 {[%emt 0:01:11]} Qb8 {[%emt 0:04:02]} 36. Bf3 {[%emt 0:00:23]} Rxc2 {[%emt 0:03:33]} 37. Bxg5 {[%emt 0:00:08]} Nxg5 {[%emt 0:03:56]} 38. Bd5 {[%emt 0:00:09]} Qb2 {[%emt 0:03:24]} 39. Rd7 {[%emt 0:00:03]} Rc3 {[%emt 0:03:22]} 40. Rxf7 {[%emt 0:00:01]} Rxf7 {[%emt 0:03:24]} 0-1

[Event "89th GER-ch"]
[Site "Dresden"]
[Date "2018.08.11"]
[Round "9.3"]
[White "Miller, Eduard"]
[Black "Langrock, Hannes"]
[Result "1-0"]
[WhiteElo "2309"]
[BlackElo "2370"]
[Annotator "NA"]
[PlyCount "125"]
[EventDate "2018.08.03"]
[EventType "swiss"]
[EventCountry "GER"]
[SourceTitle "playchess.com"]
[Source "ChessBase"]
[SourceQuality "1"]
[TimeControl "40/5400+30:1800+30"]

1. Nf3 e6 {[%emt 1:30:11]} 2. g3 {[%emt 1:30:50]} b6 {[%emt 1:30:28]} 3. Bg2 {[%emt 1:31:11]} Bb7 {[%emt 1:30:51]} 4. O-O {[%emt 1:31:35]} c5 {[%emt 1:30:51]} 5. d3 {[%emt 1:31:54]} Nf6 {[%emt 1:30:58]} 6. e4 {[%emt 1:30:51]} d6 {[%emt 1:31:16]} 7. Re1 {[%emt 1:30:47]} Be7 {[%emt 1:31:20]} 8. Nbd2 {[%emt 1:31:02]} O-O {[%emt 1:31:13]} 9. c3 {[%emt 1:31:28]} Nc6 {[%emt 1:30:27]} 10. a3 {[%emt 1:31:45]} Ne5 {[%emt 1:27:17]} 11. Nxe5 {[%emt 1:22:58]} dxe5 {[%emt 1:27:40]} 12. Nc4 {[%emt 1:23:18]} Nd7 {[%emt 1:25:13]} 13. a4 {[%emt 0:43:46]} a6 {[%emt 1:23:29]} 14. f4 {[%emt 0:40:26]} exf4 {[%emt 1:17:53]} 15. Bxf4 {[%emt 0:40:05]} b5 {[%emt 1:17:29]} 16. Nd2 {[%emt 0:35:39]} Bc6 {[%emt 0:56:07]} 17. Qe2 {[%emt 0:33:36]} Nb6 {[%emt 0:35:00]} 18. a5 {[%emt 0:33:11]} Nd7 {[%emt 0:35:06]} 19. Nb3 {[%emt 0:22:41]} Bg5 {[%emt 0:30:09]} 20. Qe3 {[%emt 0:10:53]} Bxf4 {[%emt 0:29:33]} 21. gxf4 {[%emt 0:11:18]} Qe7 {[%emt 0:27:54]} 22. d4 {[%emt 0:11:25]} cxd4 {[%emt 0:27:32]} 23. cxd4 {[%emt 0:11:36]} Bb7 {[%emt 0:26:01]} 24. d5 {[%emt 0:06:14]} Rac8 {[%emt 0:12:05]} 25. Rad1 {[%emt 0:03:50]} e5 {[%emt 0:06:42]} 26. Bh3 {[%emt 0:03:33]} exf4 {[%emt 0:06:46]} 27. Qxf4 {[%emt 0:03:51]} Rc4 {[%emt 0:06:38]} 28. Nd2 {[%emt 0:02:31]} Rc2 {[%emt 0:05:59]} 29. Nf3 {[%emt 0:02:37]} Nc5 {[%emt 0:02:08]} 30. b4 {[%emt 0:01:47]} Na4 {[%emt 0:02:08]} 31. d6 {[%emt 0:01:30]} Qd8 {[%emt 0:02:20]} 32. Rc1 {[%emt 0:01:38]} Rc3 {[%emt 0:01:59]} 33. Bg4 {[%emt 0:00:50]} Bc8 {[%emt 0:01:16]} 34. e5 {[%emt 0:00:29]} Bd7 {[%emt 0:00:55]} 35. Qd4 {[%emt 0:00:23]} Bxg4 {[%emt 0:00:56]} 36. Rxc3 {[%emt 0:00:19]} Nxc3 {[%emt 0:01:18]} 37. Qxg4 {[%emt 0:00:44]} Qa8 {[%emt 0:00:36]} 38. Re3 {[%emt 0:00:35]} Qc6 {[%emt 0:00:12]} 39. Qd4 {[%emt 0:00:46]} Ne2+ {[%emt 0:00:13]} 40. Rxe2 {[%emt 0:01:09]} Qxf3 {[%emt 0:00:41]} 41. Re3 {[%emt 0:19:49]} Qf5 {[%emt 0:26:42]} 42. d7 {[%emt 0:19:27]} Rd8 {[%emt 0:24:24]} 43. Rd3 {[%emt 0:19:44]} h5 {[%emt 0:22:53]} 44. h4 {[%emt 0:17:43]} Kh7 {[%emt 0:16:43]} 45. Kg2 {[%emt 0:17:42]} Qg6+ {[%emt 0:12:57]} 46. Kf2 {[%emt 0:17:34]} Qf5+ {[%emt 0:13:06]} 47. Ke1 {[%emt 0:16:28]} g6 {[%emt 0:03:25]} 48. Kd2 {[%emt 0:16:44]} g5 {[%emt 0:02:19]} 49. hxg5 {[%emt 0:15:52]} Qxg5+ {[%emt 0:02:45]} 50. Kc2 {[%emt 0:15:58]} Qg4 {[%emt 0:01:38]} 51. Qd6 {[%emt 0:08:10]} Qg5 {[%emt 0:00:42]} 52. Kb2 {[%emt 0:08:04]} h4 {[%emt 0:01:03]} 53. Qd5 {[%emt 0:06:58]} Kg7 {[%emt 0:00:22]} 54. Rf3 {[%emt 0:06:04]} Qg2+ {[%emt 0:00:32]} 55. Ka3 {[%emt 0:06:24]} Qg6 {[%emt 0:00:45]} 56. Qd4 {[%emt 0:05:47]} Kf8 {[%emt 0:00:28]} 57. Qc5+ {[%emt 0:03:43]} Kg7 {[%emt 0:00:51]} 58. Qe7 {[%emt 0:03:51]} Qh5 {[%emt 0:00:05]} 59. Qf6+ {[%emt 0:03:55]} Kh7 {[%emt 0:00:31]} 60. Qxf7+ {[%emt 0:03:46]} Qxf7 {[%emt 0:00:58]} 61. Rxf7+ {[%emt 0:04:06]} Kg6 {[%emt 0:01:21]} 62. e6 {[%emt 0:04:30]} h3 {[%emt 0:01:13]} 63. Rf2 {[%emt 0:04:50]} 1-0